[Event "TCh-CHN Division A 2014"]
[Site "Jinan CHN"]
[Date "2014.06.05"]
[Round "7.5"]
[White "Liu, Guanchu"]
[Black "Wang, Li"]
[Result "1/2-1/2"]
[WhiteTitle "IM"]
[BlackTitle "IM"]
[WhiteElo "2409"]
[BlackElo "2401"]
[WhiteTeam "Chengdu"]
[BlackTeam "Jiangsu"]
[WhiteFideId "8603901"]
[BlackFideId "8604460"]
[EventDate "2014.04.12"]

1. e4 e6 2. d4 d5 3. e5 c5 4. c3 Qb6 5. Nf3 Bd7 6. Be2 Bb5 7. c4 Bxc4 8. Bxc4
Qb4+ 9. Nbd2 dxc4 10. a3 Qb5 11. Qe2 cxd4 12. Nxd4 Qd5 13. N4f3 b5 14. a4 a6 15.
O-O Nd7 16. Rd1 Nc5 17. axb5 axb5 18. Rxa8+ Qxa8 19. Nd4 Qb7 20. b3 Nh6 21. bxc4
b4 22. N2b3 Nxb3 23. Nxb3 Be7 24. Bxh6 gxh6 25. c5 O-O 26. Qc4 Rd8 27. Rxd8+
Bxd8 28. h3 Bc7 29. f4 Kf8 30. Qd3 Kg7 31. Qc4 Kf8 32. Kf2 Kg7 33. Kg3 Kg8 34.
Kf2 Kg7 35. Nd4 Ba5 36. f5 Qc7 37. f6+ Kf8 38. Qa6 Ke8 39. Qd6 Qxd6 40. exd6 Bd8
41. Ke3 Bxf6 42. Kd3 Kd7 43. Kc4 Bxd4 44. Kxd4 e5+ 45. Kc4 e4 46. Kxb4 f5 47.
Kc4 h5 48. g3 h4 49. gxh4 1/2-1/2

[Event "TCh-CHN Division A 2014"]
[Site "Jinan CHN"]
[Date "2014.06.05"]
[Round "7.5"]
[White "Tan, Zhongyi"]
[Black "Xiao, Yiyi"]
[Result "0-1"]
[WhiteTitle "WGM"]
[BlackTitle "WFM"]
[WhiteElo "2465"]
[BlackElo "2248"]
[WhiteTeam "Chongqing"]
[BlackTeam "Shandong"]
[WhiteFideId "8603642"]
[BlackFideId "8606161"]
[EventDate "2014.04.12"]

1. Nf3 Nf6 2. c4 g6 3. d4 Bg7 4. Nc3 d5 5. Qb3 dxc4 6. Qxc4 O-O 7. e4 Be6 8. Qe2
c5 9. d5 Bg4 10. h3 Bxf3 11. Qxf3 e6 12. dxe6 fxe6 13. Bc4 Qe7 14. O-O Nc6 15.
Bg5 Ne5 16. Qe2 h6 17. Bh4 g5 18. Bg3 Nxc4 19. Qxc4 Rad8 20. Be5 g4 21. Bxf6
Qxf6 22. hxg4 Qg6 23. Qxc5 Qxg4 24. Rad1 b6 25. Qe3 Qh5 26. Qh3 Qg6 27. Rd3 Rxd3
28. Qxd3 Be5 29. Ne2 Qh5 30. f4 Bg7 31. e5 Qh4 32. Qg6 Qe7 33. Rc1 Qd7 34. Kh2
Rd8 35. Ng3 Kh8 36. Nh5 Rg8 37. Rc3 Qe8 38. Qxe8 Rxe8 39. Rc7 Bf8 40. Rxa7 Rc8
41. Rb7 Rc6 42. Nf6 0-1

[Event "TCh-CHN Division A 2014"]
[Site "Jinan CHN"]
[Date "2014.06.05"]
[Round "7.5"]
[White "Shen, Yang"]
[Black "Ren, Xiaoyi"]
[Result "1-0"]
[WhiteTitle "IM"]
[WhiteElo "2475"]
[BlackElo "2130"]
[WhiteTeam "Jiangsu"]
[BlackTeam "Chengdu"]
[WhiteFideId "8603162"]
[BlackFideId "8608709"]
[EventDate "2014.04.12"]

1. d4 Nf6 2. c4 g6 3. Nf3 Bg7 4. Nc3 O-O 5. e4 d6 6. Be2 c5 7. d5 a6 8. O-O b5
9. cxb5 axb5 10. Bxb5 Ba6 11. Qe2 Bxb5 12. Nxb5 Nbd7 13. Bd2 Nb6 14. b3 Qd7 15.
Bc3 Nxe4 16. Qxe4 Qxb5 17. Bxg7 Kxg7 18. Qxe7 Rad8 19. Rfd1 Rfe8 20. Qh4 h6 21.
Qf4 Re7 22. h4 Qe8 23. h5 Re4 24. Qg3 g5 25. a4 Qe7 26. a5 Nd7 27. Nd2 Re2 28.
Nc4 Nf6 29. Qf3 Re4 30. a6 Rf4 31. Qc3 Qe2 32. f3 Qe7 33. g3 Rf5 34. a7 Ra8 35.
Ra6 Kg8 36. Re1 Qc7 37. Nxd6 Nxd5 38. Qd3 Nb4 39. Qxf5 Nxa6 40. Qf6 c4 41. Nf5 1-0

[Event "TCh-CHN Division A 2014"]
[Site "Jinan CHN"]
[Date "2014.06.05"]
[Round "7.6"]
[White "Ma, Qun"]
[Black "Zeng, Chongsheng"]
[Result "0-1"]
[WhiteTitle "GM"]
[BlackTitle "GM"]
[WhiteElo "2621"]
[BlackElo "2540"]
[WhiteTeam "Tianjing"]
[BlackTeam "Guangdong"]
[WhiteFideId "8603154"]
[BlackFideId "8603847"]
[EventDate "2014.04.12"]

1. e4 c5 2. Nf3 e6 3. d4 cxd4 4. Nxd4 Qb6 5. Nb3 Qc7 6. Nc3 a6 7. Bd3 Nf6 8. O-O
b5 9. f4 b4 10. Ne2 Bb7 11. e5 Nd5 12. Bd2 d6 13. c4 bxc3 14. Nxc3 dxe5 15. f5
exf5 16. Nxd5 Bxd5 17. Rc1 Nc6 18. Bxf5 Qb6+ 19. Kh1 Rd8 20. Qe2 Be7 21. Be3 Qb7
22. Nc5 Bxc5 23. Bxc5 f6 24. Qh5+ Qf7 25. Qh3 Ne7 26. Bc2 Qe6 27. Qh4 Kf7 28. b4
Ng6 29. Qh5 e4 30. Rfe1 Rhe8 31. Ba4 Bc6 32. Bb3 Bd5 33. Ba4 Rh8 34. Bc2 Qe5 35.
Qxe5 Nxe5 36. Bxe4 Bxa2 37. Bb7 Nd3 38. Re7+ Kg6 39. Rc3 Kh6 40. Be3+ g5 41. Rc6
Rhf8 42. h4 Bd5 43. Rcc7 Bxb7 44. Rxb7 Kh5 45. Rxh7+ Kg4 46. Rbc7 Rfe8 47. Rc4+
Kg3 48. Bg1 Re1 49. Rc3 g4 50. h5 Rd5 51. Ra3 f5 52. Rc7 f4 53. Rc5 f3 54. Rxd3
Rxd3 55. gxf3 Rxg1+ 0-1

[Event "TCh-CHN Division A 2014"]
[Site "Jinan CHN"]
[Date "2014.06.05"]
[Round "7.6"]
[White "Wang, Yue"]
[Black "Liu, Chang"]
[Result "1-0"]
[WhiteTitle "GM"]
[WhiteElo "2711"]
[BlackElo "2368"]
[WhiteTeam "Tianjing"]
[BlackTeam "Guangdong"]
[WhiteFideId "8601429"]
[BlackFideId "8606340"]
[EventDate "2014.04.12"]

1. e4 c5 2. Nf3 d6 3. d4 cxd4 4. Nxd4 Nf6 5. Nc3 g6 6. Be3 Bg7 7. f3 Nc6 8. Qd2
O-O 9. g4 Nxd4 10. Bxd4 Be6 11. h4 Qa5 12. h5 Rfc8 13. hxg6 hxg6 14. Rd1 Rab8
15. a3 a6 16. Be2 Bc4 17. g5 Nh5 18. Bxg7 Bxe2 19. Nxe2 Qxd2+ 20. Kxd2 Nxg7 21.
Nf4 e6 22. Rh2 Kf8 23. Ke3 Ke7 24. Rh7 Rg8 25. Rd3 Rbc8 26. Rb3 Rc7 27. Rb6 Ne8
28. a4 Kd8 29. c3 Kc8 30. a5 Rf8 31. Nd3 Rg8 32. c4 Rf8 33. b3 Kb8 34. e5 dxe5
35. Nxe5 Kc8 36. f4 Kd8 37. b4 Kc8 38. c5 Rg8 39. Rxf7 Ng7 40. Rxc7+ Kxc7 41.
Ke4 1-0

[Event "TCh-CHN Division A 2014"]
[Site "Jinan CHN"]
[Date "2014.06.05"]
[Round "7.6"]
[White "Malakhov, Vladimir"]
[Black "Li, Shilong"]
[Result "1-0"]
[WhiteTitle "GM"]
[BlackTitle "GM"]
[WhiteElo "2708"]
[BlackElo "2495"]
[WhiteTeam "Tianjing"]
[BlackTeam "Guangdong"]
[WhiteFideId "4120787"]
[BlackFideId "8600678"]
[EventDate "2014.04.12"]

1. e4 c5 2. Nf3 e6 3. g3 Nc6 4. Bg2 Nf6 5. Qe2 d6 6. O-O Be7 7. c3 e5 8. h3 O-O
9. Rd1 Bd7 10. d4 cxd4 11. cxd4 Qc8 12. dxe5 dxe5 13. Kh2 Be6 14. Nc3 Rd8 15.
Be3 h6 16. Rxd8+ Qxd8 17. Qb5 a6 18. Qxb7 Na5 19. Qb6 Nc4 20. Qc6 Rc8 21. Qxa6
Ra8 22. Qc6 Rc8 23. Qa4 Nxb2 24. Qb5 Nc4 25. Rd1 Bd7 26. Qb3 Nxe3 27. fxe3 Rb8
28. Qc4 Rc8 29. Qd3 Qc7 30. Nd5 Nxd5 31. exd5 Bd6 32. e4 Ba4 33. Rd2 Qa5 34. Rb2
Rc3 35. Qe2 Qc5 36. Qf2 Qc8 37. Qa7 Bd1 38. Nh4 g6 39. Rf2 Re3 40. Qa5 Kg7 41.
Nf3 Re2 42. Qb6 Rxf2 43. Qxf2 Qc4 44. Ne1 Bb4 45. h4 Qc3 46. Nf3 Bxf3 47. Qxf3
Qd4 48. a4 Ba5 49. Qb3 h5 50. Qc2 Be1 51. Qe2 Bb4 52. Bf3 Ba5 53. Qd1 Bd2 54.
Kg2 Kf8 55. Qc2 Bb4 56. Kh3 Kg7 57. Bg2 Bc3 58. Bf3 Ba5 59. Qd1 Bd2 60. Kg2 Kf8
61. Qg1 Be3 62. Qe1 Qb2+ 63. Qe2 Qa3 64. a5 Bc5 65. a6 Kg7 66. Kh2 Kf8 67. Bg2
Kg7 68. Bf1 Qa1 69. Qd3 Qb2+ 70. Kh3 Qd4 71. Qxd4 Bxd4 72. d6 Kf8 73. Bc4 f5 74.
exf5 gxf5 75. Be2 Kf7 76. Bxh5+ Ke6 77. Bg6 f4 78. Be4 Kxd6 79. h5 Ke6 80. h6
Kf7 81. g4 f3 1-0

[Event "TCh-CHN Division A 2014"]
[Site "Jinan CHN"]
[Date "2014.06.05"]
[Round "7.6"]
[White "Munguntuul, Batkhuyag"]
[Black "Ni, Shiqun"]
[Result "1/2-1/2"]
[WhiteTitle "IM"]
[BlackTitle "WIM"]
[WhiteElo "2438"]
[BlackElo "2262"]
[WhiteTeam "Guangdong"]
[BlackTeam "Tianjing"]
[WhiteFideId "4900758"]
[BlackFideId "8608466"]
[EventDate "2014.04.12"]

1. e4 e5 2. Nf3 Nf6 3. Nxe5 d6 4. Nc4 Nxe4 5. Nc3 Nxc3 6. bxc3 g6 7. d4 Bg7 8.
Bd3 O-O 9. O-O Re8 10. Qf3 Qf6 11. Be4 Qxf3 12. Bxf3 Nc6 13. Bf4 Bd7 14. Ne3
Rac8 15. Nd5 Be6 16. Rfe1 Na5 17. h3 c6 18. Ne3 d5 19. Rab1 b6 20. Re2 f6 21.
Rbe1 Kf7 22. h4 h5 23. Bd6 Bh6 24. Bg3 1/2-1/2

[Event "TCh-CHN Division A 2014"]
[Site "Jinan CHN"]
[Date "2014.06.05"]
[Round "7.6"]
[White "Liu, Manli CHN"]
[Black "Ushenina, Anna"]
[Result "0-1"]
[BlackTitle "GM"]
[WhiteElo "1988"]
[BlackElo "2494"]
[WhiteTeam "Guangdong"]
[BlackTeam "Tianjing"]
[WhiteFideId "8608121"]
[BlackFideId "14110911"]
[EventDate "2014.04.12"]

1. e4 c5 2. Nf3 Nc6 3. d4 cxd4 4. Nxd4 Nf6 5. Nc3 d6 6. Be2 e5 7. Nb3 Be7 8. O-O
O-O 9. Be3 a5 10. a4 Be6 11. Kh1 Nb4 12. f4 Rc8 13. f5 Bd7 14. Bd3 Bc6 15. Qe2
b6 16. Bg1 Qc7 17. Nd2 Nd7 18. Nc4 Qb7 19. Ne3 Nf6 20. Ng4 Nxg4 21. Qxg4 Bf6 22.
Be3 Nxd3 23. cxd3 d5 24. Bd2 dxe4 25. dxe4 Rfd8 26. Rfd1 Kh8 27. Be3 Be7 28.
Rxd8+ Rxd8 29. Rf1 f6 30. h4 Bb4 31. Rd1 Qb8 32. Nd5 Bc5 33. b3 Bxd5 34. Bxc5
Bxb3 35. Rxd8+ Qxd8 36. Be3 Bxa4 37. Qf3 b5 38. Qf2 Qd3 39. Bb6 Qxe4 40. Bxa5 h6
41. Kg1 Kh7 42. Kh2 Bc2 43. Kg1 Qxf5 44. Qxf5+ Bxf5 45. Kf2 Kg6 46. Bb4 h5 47.
Kf3 Kf7 48. Ke3 Ke6 49. Bf8 g6 50. Kd2 Be4 51. g3 g5 52. Ke3 Kd5 53. hxg5 fxg5
54. Be7 g4 55. Bf8 Bg6 56. Be7 Kc4 57. Bd6 e4 58. Be5 b4 59. Kd2 Kb3 60. Bd6 e3+
61. Kxe3 Kc3 62. Kf4 b3 63. Kg5 Be8 0-1

[Event "TCh-CHN Division A 2014"]
[Site "Shaoguan CHN"]
[Date "2014.07.24"]
[Round "8.1"]
[White "Xiu, Deshun"]
[Black "Xu, Yinglun"]
[Result "1/2-1/2"]
[WhiteTitle "GM"]
[WhiteElo "2553"]
[BlackElo "2410"]
[WhiteTeam "Beijing"]
[BlackTeam "Guangdong"]
[WhiteFideId "8603693"]
[BlackFideId "8604940"]
[EventDate "2014.04.12"]

1. d4 e6 2. c4 d5 3. Nf3 Nf6 4. Nc3 Be7 5. Bf4 O-O 6. e3 b6 7. Bd3 Ba6 8. cxd5
Nxd5 9. Nxd5 Qxd5 10. O-O Qb7 11. Rc1 Bxd3 12. Qxd3 Na6 13. Qb5 Rac8 14. Qd7 Bd6
15. Ne5 Nb4 16. Nc6 Nxc6 17. Bxd6 Rfd8 18. Qxc6 Qxc6 19. Rxc6 Rxd6 20. Rc4 Kf8
21. Rfc1 c6 22. b4 a6 23. a4 b5 24. Rc5 Rd5 25. Rxc6 Rxc6 26. Rxc6 a5 27. axb5
Rxb5 28. Kf1 Rxb4 29. Ra6 a4 30. g4 g5 31. Ra7 Kg7 32. Kg2 Kg6 33. Kg3 h6 34. h3
Rc4 35. Ra6 Kg7 36. h4 gxh4+ 37. Kxh4 Rc2 38. Rxa4 Rxf2 1/2-1/2

[Event "TCh-CHN Division A 2014"]
[Site "Shaoguan CHN"]
[Date "2014.07.24"]
[Round "8.1"]
[White "Wang, Yiye"]
[Black "Zeng, Chongsheng"]
[Result "1/2-1/2"]
[WhiteTitle "IM"]
[BlackTitle "GM"]
[WhiteElo "2422"]
[BlackElo "2540"]
[WhiteTeam "Beijing"]
[BlackTeam "Guangdong"]
[WhiteFideId "8606021"]
[BlackFideId "8603847"]
[EventDate "2014.04.12"]

1. e4 c6 2. d4 d5 3. exd5 cxd5 4. Bd3 Nc6 5. c3 Nf6 6. Bf4 Bg4 7. Qb3 Qd7 8. Nd2
e6 9. h3 Bh5 10. Ngf3 Bd6 11. Bxd6 Qxd6 12. Qxb7 O-O 13. Qa6 Rab8 14. O-O Rb6
15. Qa3 Qxa3 16. bxa3 Bg6 17. Bxg6 hxg6 18. Rfb1 Rc8 19. Rxb6 axb6 20. Rb1 Nd7
21. a4 Ra8 22. c4 Rxa4 23. cxd5 exd5 24. Rb5 Ne7 25. Rb2 f6 26. Nb1 g5 27. g3
Rc4 28. Kg2 Kf7 29. Na3 Rc6 30. Rc2 Rxc2 31. Nxc2 Nb8 32. Kf1 Ke6 33. Ke2 Nbc6
34. Kd3 Nf5 35. Nd2 Nd6 36. a3 Na5 37. f3 Nf5 38. Nf1 Nc4 39. Kc3 Nfd6 40. Kb3
f5 41. Kc3 f4 42. g4 Nb5+ 43. Kb4 Na7 44. Kc3 Nc6 45. Nd2 b5 46. Nb3 Kd6 47. Kd3
Ne7 48. Ke2 Nc6 49. Kd3 Nb2+ 50. Kc3 Na4+ 51. Kd3 Ne7 52. Nd2 Ng6 53. Nb3 Nh4
54. Ke2 Ng6 55. Kd3 Ne7 56. Nd2 Nc8 57. Nb1 Nb2+ 58. Kc3 1/2-1/2

[Event "TCh-CHN Division A 2014"]
[Site "Shaoguan CHN"]
[Date "2014.07.24"]
[Round "8.1"]
[White "Yu, Yangyi"]
[Black "Li, Shilong"]
[Result "1-0"]
[WhiteTitle "GM"]
[BlackTitle "GM"]
[WhiteElo "2705"]
[BlackElo "2495"]
[WhiteTeam "Beijing"]
[BlackTeam "Guangdong"]
[WhiteFideId "8603820"]
[BlackFideId "8600678"]
[EventDate "2014.04.12"]

1. e4 c5 2. Nf3 d6 3. d4 cxd4 4. Nxd4 Nf6 5. Nc3 Nc6 6. Bc4 Bd7 7. O-O g6 8.
Nxc6 Bxc6 9. Nd5 Bg7 10. Bg5 O-O 11. Bxf6 Bxf6 12. Nxf6+ exf6 13. Qd4 Qe7 14. f3
Qe5 15. Rad1 Rfd8 16. c3 Qxd4+ 17. Rxd4 Kf8 18. Rfd1 Ke7 19. Kf2 Rac8 20. Bb3 b6
21. h4 h6 22. h5 g5 23. Ke3 Rc7 24. R1d3 Bb5 25. Rd2 Bc6 26. g3 Bb7 27. Bd5 Bc8
28. g4 Be6 29. R2d3 Rdd7 30. Kd2 Rd8 31. Kc2 Rdd7 32. b3 Rd8 33. Kb2 Rdd7 34. c4
Rd8 35. Re3 Rdd7 36. b4 Rd8 37. Kb3 Bd7 38. b5 Rb8 39. Kb4 Bc8 40. Ra3 Be6 41.
Kc3 Bxd5 42. Rxd5 Rbc8 43. Ra4 Ke6 44. Kd3 Rd7 45. Ra6 Rc5 46. Kd4 Rdc7 47. Ra4
Rd7 48. Ra3 Rdc7 49. Rc3 Rc8 50. a4 a5 51. bxa6 Ra8 52. Rb3 Rxa6 53. Rb4 Kd7 54.
Kc3 Kc7 55. Kb3 Rxd5 56. exd5 Ra8 57. Rb5 Re8 58. a5 bxa5 59. Rxa5 Kb6 60. Kb4
Rc8 61. Rb5+ Ka7 62. c5 dxc5+ 63. Kc4 Re8 64. d6 Re1 65. Kxc5 Re5+ 66. Kc6 Rxb5
67. Kxb5 Kb7 68. Kc5 Kc8 69. Kc6 Kd8 70. d7 f5 71. Kd6 f4 72. Kc6 f5 73. gxf5 g4
74. f6 1-0

[Event "TCh-CHN Division A 2014"]
[Site "Shaoguan CHN"]
[Date "2014.07.24"]
[Round "8.1"]
[White "Munguntuul, Batkhuyag"]
[Black "Zhao, Xue"]
[Result "1/2-1/2"]
[WhiteTitle "IM"]
[BlackTitle "GM"]
[WhiteElo "2438"]
[BlackElo "2514"]
[WhiteTeam "Guangdong"]
[BlackTeam "Beijing"]
[WhiteFideId "4900758"]
[BlackFideId "8601283"]
[EventDate "2014.04.12"]

1. e4 c6 2. d4 g6 3. Nc3 d6 4. a4 Nf6 5. Nf3 Bg7 6. a5 O-O 7. Be2 Bg4 8. O-O d5
9. e5 Nfd7 10. h3 Bxf3 11. Bxf3 e6 12. b4 f6 13. Bg4 fxe5 14. Bxe6+ Kh8 15. Bb2
Qe7 16. Bg4 Qxb4 17. Na4 Re8 18. Bc3 Qd6 19. Rb1 Qa3 20. Ra1 Qe7 21. Rb1 b5 22.
axb6 axb6 23. Nxb6 Nxb6 24. Rxb6 Qa7 25. Qb1 exd4 26. Rb7 Qa2 27. Bb4 h5 28. Bf3
Qxb1 29. Rxb1 Na6 30. Ba3 Rab8 31. Kf1 Bf8 32. Rxb8 Nxb8 33. Bxf8 Rxf8 34. Rb7
Na6 35. Rb6 Nb8 36. Rb7 Na6 37. Rb6 Nb8 38. Rb7 Na6 39. Rb6 1/2-1/2

[Event "TCh-CHN Division A 2014"]
[Site "Shaoguan CHN"]
[Date "2014.07.24"]
[Round "8.1"]
[White "Li, Xueyi"]
[Black "Wang, Jue"]
[Result "1/2-1/2"]
[BlackTitle "WGM"]
[WhiteElo "2193"]
[BlackElo "2353"]
[WhiteTeam "Guangdong"]
[BlackTeam "Beijing"]
[WhiteFideId "8605912"]
[BlackFideId "8604070"]
[EventDate "2014.04.12"]

1. d4 Nf6 2. c4 e6 3. Nc3 Bb4 4. e3 O-O 5. Ne2 d5 6. a3 Be7 7. cxd5 exd5 8. Ng3
a5 9. Bd3 Re8 10. O-O Na6 11. Qc2 c5 12. Bb5 Bd7 13. Rd1 Bxb5 14. Nxb5 Qb6 15.
Nc3 Rac8 16. Qe2 c4 17. f3 Qc6 18. e4 b5 19. e5 b4 20. axb4 axb4 21. Nb1 Nd7 22.
f4 Nc7 23. Qg4 Bf8 24. Nd2 Nb6 25. f5 c3 26. Nf3 cxb2 27. Bxb2 Nc4 28. Bc1 b3
29. Nh5 b2 30. Bxb2 Ne3 31. Qg3 Nxf5 32. Qh3 Ne3 33. Rd3 Nc4 34. Bc1 Qe6 35. Qg3
Qg6 36. Qxg6 hxg6 37. Nf4 Ra8 38. Rxa8 Rxa8 39. Kf2 Ra2+ 40. Ne2 Na6 41. Bd2 Rb2
42. Be1 Be7 43. Rd1 g5 44. h3 Nc7 45. Ra1 Ne6 46. Bc3 Rb3 47. Ra8+ Bf8 48. Ra2
Nf4 49. Nxf4 gxf4 50. Bd2 Nxd2 51. Nxd2 Rd3 52. Nf3 Ba3 53. Rc2 Kf8 54. Rc7 Ke8
55. h4 Bb2 56. Ke2 Re3+ 57. Kd2 Re4 58. Rc8+ Ke7 59. Rc7+ Ke8 60. Kd3 Re3+ 61.
Kd2 Re4 62. Ng5 Rxd4+ 63. Kc2 Ba1 64. Nxf7 Rc4+ 65. Rxc4 dxc4 66. Nd6+ Ke7 67.
Nxc4 Ke6 68. Kd3 Bxe5 69. Ke4 Bf6 70. h5 Bg5 71. Ne5 Kf6 72. Ng6 Bh6 73. Nxf4
Kg5 74. Kf3 Kf5 75. Nd5 Kg5 76. Nf4 Kf5 77. Nh3 g6 1/2-1/2

[Event "TCh-CHN Division A 2014"]
[Site "Shaoguan CHN"]
[Date "2014.07.24"]
[Round "8.2"]
[White "Lin, Chen"]
[Black "Malakhov, Vladimir"]
[Result "1/2-1/2"]
[WhiteTitle "IM"]
[BlackTitle "GM"]
[WhiteElo "2463"]
[BlackElo "2708"]
[WhiteTeam "Jiangsu"]
[BlackTeam "Tianjing"]
[WhiteFideId "8602298"]
[BlackFideId "4120787"]
[EventDate "2014.04.12"]

1. e4 e5 2. Nf3 Nc6 3. Bb5 Nf6 4. O-O Nxe4 5. Re1 Nd6 6. Nxe5 Be7 7. Bf1 Nf5 8.
Bd3 Nxe5 9. Bxf5 d6 10. Bxc8 Rxc8 11. d4 Ng6 12. Nd2 O-O 13. Nf3 Qd7 14. Qd3
Rfe8 15. Bd2 Bf6 16. h3 h6 17. c3 d5 18. Rxe8+ Rxe8 19. Re1 Rxe1+ 20. Nxe1 Qa4
21. Qb1 Qe8 22. Nf3 Qd7 23. b3 Be7 24. Qd3 Bd6 25. Kf1 c6 26. Ne1 f5 27. Qe2 Kf7
28. Nd3 Qe6 29. Qxe6+ Kxe6 30. g3 Nh8 31. Bf4 Nf7 32. Ke2 g5 33. Bxd6 Nxd6 34.
f3 Kf6 35. Ne5 Nf7 36. Nxf7 Kxf7 37. g4 f4 38. Kd3 b5 39. b4 Ke6 1/2-1/2

[Event "TCh-CHN Division A 2014"]
[Site "Shaoguan CHN"]
[Date "2014.07.24"]
[Round "8.2"]
[White "Ushenina, Anna"]
[Black "Guo, Qi"]
[Result "1/2-1/2"]
[WhiteTitle "GM"]
[BlackTitle "WGM"]
[WhiteElo "2494"]
[BlackElo "2458"]
[WhiteTeam "Tianjing"]
[BlackTeam "Jiangsu"]
[WhiteFideId "14110911"]
[BlackFideId "8604002"]
[EventDate "2014.04.12"]

1. d4 d5 2. c4 e6 3. Nc3 Be7 4. cxd5 exd5 5. Bf4 c6 6. e3 Bd6 7. Qf3 Bxf4 8.
Qxf4 Qf6 9. Qc7 Nd7 10. Bd3 Ne7 11. Nge2 O-O 12. O-O Nf5 13. b4 Qd6 14. Qxd6
Nxd6 15. b5 Nb6 16. Rfb1 Bf5 17. Bxf5 Nxf5 18. a4 Nc4 19. Nf4 a6 20. bxc6 bxc6
21. Nd3 Rfb8 22. a5 Rxb1+ 23. Rxb1 Nxa5 24. Nc5 f6 25. Rb6 Ne7 26. N3a4 Kf7 27.
Nc3 Kg8 28. N3a4 Kf7 29. g3 Nc8 30. Rxa6 Rxa6 31. Nxa6 Nb7 32. Nb8 Ne7 33. Kf1
Ke6 34. Ke2 Kd6 35. Na6 Ng6 36. Kd3 Nf8 37. Nb6 Ne6 38. Nc8+ Kd7 39. Nb6+ Kd6
40. Nc8+ 1/2-1/2

[Event "TCh-CHN Division A 2014"]
[Site "Shaoguan CHN"]
[Date "2014.07.24"]
[Round "8.2"]
[White "Ni, Shiqun"]
[Black "Shen, Yang"]
[Result "0-1"]
[WhiteTitle "WIM"]
[BlackTitle "IM"]
[WhiteElo "2262"]
[BlackElo "2475"]
[WhiteTeam "Tianjing"]
[BlackTeam "Jiangsu"]
[WhiteFideId "8608466"]
[BlackFideId "8603162"]
[EventDate "2014.04.12"]

1. e4 e5 2. Nf3 Nc6 3. Bc4 Bc5 4. c3 Nf6 5. d3 a6 6. Bb3 Ba7 7. O-O d6 8. Be3
O-O 9. Nbd2 h6 10. h3 Re8 11. Re1 Bxe3 12. fxe3 b5 13. Qe2 Na5 14. Bc2 c5 15. d4
Rb8 16. d5 c4 17. Rf1 Nb7 18. Rf2 Nc5 19. b4 cxb3 20. axb3 b4 21. c4 a5 22. Raf1
a4 23. bxa4 b3 24. Bb1 Nxa4 25. Nh2 Rb7 26. Rxf6 gxf6 27. Qh5 Kg7 28. Ng4 Rh8
29. Nf3 Nc3 30. Nh4 b2 31. c5 dxc5 32. Nxe5 Nxb1 33. Nc6 Qe8 34. e5 Nd2 35.
exf6+ Kf8 36. Ne5 Nxf1 0-1

[Event "TCh-CHN Division A 2014"]
[Site "Shaoguan CHN"]
[Date "2014.07.24"]
[Round "8.3"]
[White "Wang, Tongsen"]
[Black "Liu, Guanchu"]
[Result "0-1"]
[BlackTitle "IM"]
[WhiteElo "2185"]
[BlackElo "2409"]
[WhiteTeam "Qingdao Experimental School"]
[BlackTeam "Chengdu"]
[WhiteFideId "8608067"]
[BlackFideId "8603901"]
[EventDate "2014.04.12"]

1. e4 e6 2. d4 d5 3. Nd2 Nf6 4. e5 Nfd7 5. f4 c5 6. c3 Nc6 7. Ndf3 cxd4 8. cxd4
Qb6 9. g3 Bb4+ 10. Kf2 g5 11. Be3 g4 12. Nh4 Be7 13. b3 f5 14. h3 Bxh4 15. gxh4
h5 16. Ne2 Nf8 17. Nc3 a6 18. Rc1 Ne7 19. hxg4 fxg4 20. Na4 Qd8 21. Bd3 b6 22.
Qe2 Bd7 23. Bxa6 Nfg6 24. Bb5 Rb8 25. Bxd7+ Qxd7 26. Qa6 O-O 27. Nxb6 Qb7 28.
Na4 Nxf4 29. Qxb7 Rxb7 30. Rcf1 Nfg6+ 31. Ke2 Nf5 32. Kd3 Rbf7 33. Bg5 Ng3 34.
Rxf7 Rxf7 35. Re1 Ne4 36. Be3 Rf3 37. Ke2 Nxh4 0-1

[Event "TCh-CHN Division A 2014"]
[Site "Shaoguan CHN"]
[Date "2014.07.24"]
[Round "8.3"]
[White "Mu, Ke"]
[Black "Li, Di"]
[Result "0-1"]
[BlackTitle "FM"]
[WhiteElo "2413"]
[BlackElo "2209"]
[WhiteTeam "Qingdao Experimental School"]
[BlackTeam "Chengdu"]
[WhiteFideId "8602778"]
[BlackFideId "8607508"]
[EventDate "2014.04.12"]

1. c4 c5 2. Nc3 g6 3. g3 Bg7 4. Bg2 Nc6 5. Nf3 d6 6. a3 e6 7. Rb1 Nge7 8. d3 b6
9. Bg5 Bb7 10. O-O h6 11. Bd2 O-O 12. Qc1 Kh7 13. b4 Qd7 14. e3 Rac8 15. Nb5
Rfd8 16. Rd1 Ba8 17. Qc2 a6 18. Nc3 cxb4 19. axb4 b5 20. Qa2 bxc4 21. dxc4 Ne5
22. Nxe5 Bxe5 23. Bxa8 Rxa8 24. Rdc1 Qb7 25. Be1 h5 26. Qc2 d5 27. cxd5 exd5 28.
Na4 d4 29. Nc5 Qf3 30. Rb3 dxe3 31. Rxe3 Qd5 32. Rd3 Qc6 33. Rxd8 Rxd8 34. Qe2
Qd5 35. Nxa6 Nf5 36. Qc4 Qf3 37. Qxf7+ Kh6 38. Nc5 h4 39. Qb3 Qe2 40. Kg2 h3+
41. Kxh3 Qf1+ 42. Kg4 Rd4+ 43. Kf3 Rf4+ 44. gxf4 Qh1+ 45. Kg4 Qg2+ 46. Qg3 Nxg3
47. hxg3 Bd4 48. f5 gxf5+ 49. Kf4 0-1

[Event "TCh-CHN Division A 2014"]
[Site "Shaoguan CHN"]
[Date "2014.07.24"]
[Round "8.3"]
[White "Ma, Zhonghan"]
[Black "Xu, Xiangyu CHN"]
[Result "1/2-1/2"]
[WhiteElo "2471"]
[BlackElo "2277"]
[WhiteTeam "Qingdao Experimental School"]
[BlackTeam "Chengdu"]
[WhiteFideId "8607206"]
[BlackFideId "8608288"]
[EventDate "2014.04.12"]

1. d4 f5 2. Nc3 d5 3. Bf4 Nf6 4. e3 e6 5. Nf3 c6 6. Bd3 Bd6 7. Ne2 O-O 8. O-O
Qe7 9. c4 b6 10. Rc1 Bb7 11. cxd5 Nxd5 12. Bg5 Qe8 13. Nc3 Nxc3 14. Rxc3 Nd7 15.
Bc4 Kh8 16. Bf4 Bb4 17. Rc1 Qg6 18. Ng5 e5 19. dxe5 Nxe5 20. Bxe5 Qxg5 21. Qd7
Qe7 22. Qxe7 Bxe7 23. Rfd1 Rad8 24. h3 Rxd1+ 25. Rxd1 Bc8 26. Bb8 a6 27. Bc7 b5
28. Be2 Bf6 29. b3 Rf7 30. Bd8 Kg8 31. Bxf6 Rxf6 32. Bf3 Bb7 33. Kh2 g5 34. Rd7
Rf7 35. Rd6 Rc7 36. Rf6 Rf7 37. Re6 c5 38. Rc6 c4 39. bxc4 bxc4 40. Rxc4 1/2-1/2

[Event "TCh-CHN Division A 2014"]
[Site "Shaoguan CHN"]
[Date "2014.07.24"]
[Round "8.3"]
[White "Ren, Xiaoyi"]
[Black "Gong, Qianyun"]
[Result "1/2-1/2"]
[BlackTitle "WIM"]
[WhiteElo "2130"]
[BlackElo "2349"]
[WhiteTeam "Chengdu"]
[BlackTeam "Qingdao Experimental School"]
[WhiteFideId "8608709"]
[BlackFideId "8602425"]
[EventDate "2014.04.12"]

1. c4 Nf6 2. Nc3 e6 3. e4 d5 4. e5 d4 5. exf6 dxc3 6. bxc3 Qxf6 7. Nf3 e5 8. d4
exd4 9. Bg5 Qb6 10. Rb1 Qa5 11. Qxd4 Nc6 12. Qe4+ Be7 13. Bd3 Qxc3+ 14. Bd2 Qa3
15. O-O g6 16. Nd4 O-O 17. Nxc6 bxc6 18. Bh6 Rd8 19. Qxc6 Bd7 20. Qf3 Be6 21.
Be4 Qxf3 22. Bxf3 Rab8 23. g3 Ra8 24. Be4 Rab8 25. Bf3 Bxc4 26. Rxb8 Rxb8 27.
Rc1 Bxa2 28. Rxc7 Bf8 29. Bxf8 Kxf8 30. Rxa7 Be6 31. h4 Rb3 32. Kg2 Rb8 33. Kg1
Rb3 34. Kg2 Bh3+ 35. Kxh3 1/2-1/2